|
|
|
|
| LEADER |
00000nam0a2200000 4500 |
| 001 |
276805 |
| 005 |
20231101234945.0 |
| 035 |
|
|
|a (RuTPU)RU\TPU\book\300078
|
| 035 |
|
|
|a RU\TPU\book\300061
|
| 090 |
|
|
|a 276805
|
| 100 |
|
|
|a 20141126d1935 m y0rusy50 ca
|
| 101 |
0 |
|
|a rus
|
| 102 |
|
|
|a RU
|
| 105 |
|
|
|a ac z 001zb
|
| 200 |
1 |
|
|a Джемс Уатт
|f М. Лесников
|g обложка Г. С. Бершадского ; гравюра на дереве А. М. Критской
|
| 210 |
|
|
|a Москва
|c Журнально-газетное объединение
|d 1935
|
| 215 |
|
|
|a 272 с.
|c ил., портр.
|
| 225 |
1 |
|
|a Жизнь замечательных людей. Серия биографий
|h Вып. 21-22 (69-70)
|
| 316 |
|
|
|5 63413507: М-133235
|a На обложке владельческая подпись: "Бутаков"
|
| 317 |
|
|
|5 63413507: М-133235
|a Поступила в НТБ в 1970 г. в составе книжного собрания профессора ТПИ И. Н. Бутакова
|
| 320 |
|
|
|a Примечания: с. 266-269
|
| 320 |
|
|
|a Библиогр.: с. 270-271
|
| 600 |
|
1 |
|a Уатт
|g Джеймс
|c шотландский инженер и изобретатель
|f 1736-1819
|b Д.
|2 stltpush
|3 (RuTPU)RU\TPU\pers\1102
|
| 606 |
1 |
|
|a Паровые машины поршневые
|2 stltpush
|3 (RuTPU)RU\TPU\subj\48241
|9 67118
|
| 610 |
1 |
|
|a техника
|
| 610 |
1 |
|
|a история
|
| 610 |
1 |
|
|a Шотландия
|
| 610 |
1 |
|
|a паровая машина
|
| 610 |
1 |
|
|a изобретатели
|
| 610 |
1 |
|
|a биографии
|
| 610 |
1 |
|
|a владельческая надпись
|
| 610 |
1 |
|
|a библиотека И. Н. Бутакова
|
| 675 |
|
|
|a 621.161(092)
|v 3
|
| 675 |
|
|
|a 09
|v 3
|
| 700 |
|
1 |
|a Лесников
|b М.
|
| 702 |
|
1 |
|a Бершадский
|b Г. С.
|4 140
|
| 702 |
|
1 |
|a Критская
|b А. М.
|4 760
|
| 801 |
|
1 |
|a RU
|b 63413507
|c 20141126
|
| 801 |
|
2 |
|a RU
|b 63413507
|c 20190912
|g RCR
|
| 942 |
|
|
|c BK
|